000 00289nam a22001337a 4500
008 171010b xxu||||| |||| 00| 0 eng d
020 _a0813513790
041 _aeng
080 _a316
100 _a50
101 _aSOC
245 _aGENDER BODY KNOWLEDGE
_cJAGGAR.A
942 _2udc
_cBK
999 _c32752
_d32752